[Event "Santiago Oriental zt"]
[Site "Santiago"]
[Date "2024.01.25"]
[Round "7"]
[White "Lavigne Lopez, Raul Leonardo"]
[Black "Rosabal Contreras, Yonisbel"]
[Result "0-1"]
[WhiteElo "2194"]
[BlackElo "2223"]
[PlyCount "34"]
[EventDate "2024.01.21"]
[EventType "tourn"]
[EventRounds "9"]
[EventCountry "CUB"]
[SourceTitle "CB06_2024"]
[SourceDate "2024.02.07"]
[SourceVersion "1"]
[SourceVersionDate "2024.02.07"]
[SourceQuality "1"]

1. Nf3 g6 2. g3 Bg7 3. Bg2 c5 4. c4 Nc6 5. Nc3 e6 6. 0-0 Nge7 7. d3 d5 8. cxd5 exd5 9. Qa4 0-0 10. Qh4 f6 11. Bd2 d4 12. Na4 Nf5 13. Qf4 Bh6 14. Qg4 Bxd2 15. Nxd2 Qa5 16. Bxc6 bxc6 17. e4 Ne3 0-1

[Event "Santiago Oriental zt"]
[Site "Santiago"]
[Date "2024.01.21"]
[Round "2"]
[White "Perez Rodriguez, Cesar Alejandro"]
[Black "Rosabal Contreras, Yonisbel"]
[Result "1-0"]
[WhiteElo "2317"]
[BlackElo "2223"]
[PlyCount "91"]
[EventDate "2024.01.21"]
[EventType "tourn"]
[EventRounds "9"]
[EventCountry "CUB"]
[SourceTitle "CB06_2024"]
[SourceDate "2024.02.07"]
[SourceVersion "1"]
[SourceVersionDate "2024.02.07"]
[SourceQuality "1"]

1. e4 c5 2. Nf3 Nc6 3. Bb5 g6 4. 0-0 Bg7 5. Re1 e5 6. b4 cxb4 7. a3 Nge7 8. axb4 0-0 9. Ra4 d6 10. Bxc6 Nxc6 11. b5 Ne7 12. d4 Bg4 13. dxe5 Bxe5 14. Bg5 f6 15. Bh6 Re8 16. Qd3 Qd7 17. Nfd2 g5 18. h4 Ng6 19. hxg5 Nf4 20. Qe3 Qf7 21. g6 Nxg6 22. f4 Bb2 23. Nc4 Nh4 24. Nxb2 Nf5 25. Qf2 Nxh6 26. Nc4 Rad8 27. Nc3 Kh8 28. Qh4 Bh5 29. Nd5 Ng4 30. Nce3 f5 31. Nxg4 Bxg4 32. Qf6+ Qxf6 33. Nxf6 Re7 34. Rxa7 Rc8 35. e5 dxe5 36. fxe5 Rxc2 37. Nd5 Rd7 38. Nf4 Re7 39. Nd5 Rd7 40. Nf4 Re7 41. e6 Rd2 42. Rc1 Kg7 43. b6 Kf6 44. Rc7 Rxc7 45. bxc7 Rc2 46. Ra8 1-0

[Event "Capablanca Memorial op 53rd"]
[Site "Havana"]
[Date "2018.05.17"]
[Round "8"]
[White "De la Torre Rodriguez, Elizabeth"]
[Black "Rosabal Contreras, Yonisbel"]
[Result "0-1"]
[WhiteElo "2068"]
[BlackElo "2290"]
[PlyCount "108"]
[EventDate "2018.05.09"]
[EventType "swiss"]
[EventRounds "10"]
[EventCountry "CUB"]
[SourceTitle "EXT 2021"]
[Source "ChessBase"]
[SourceDate "2020.10.23"]
[SourceVersion "1"]
[SourceVersionDate "2020.10.23"]
[SourceQuality "1"]

1. e4 c5 2. Nf3 Nc6 3. d4 cxd4 4. Nxd4 e5 5. Nb3 Nf6 6. Nc3 Bb4 7. Qd3 d5 8. exd5 Nxd5 9. a3 Bxc3+ 10. bxc3 0-0 11. Qg3 Nf4 12. Bd2 Bf5 13. 0-0-0 Qe7 14. Kb2 Rfd8 15. Bb5 Ne6 16. Bxc6 bxc6 17. Qxe5 Rd5 18. Qe2 Bd3 19. Qe3 Bc4 20. Bc1 Rb8 21. Rxd5 cxd5 22. Ka1 Qb7 23. Bb2 a5 24. Rb1 Bxb3 25. cxb3 Qxb3 26. Qg3 Nc5 27. c4 Qxg3 28. fxg3 dxc4 29. Bc3 Rxb1+ 30. Kxb1 a4 31. Kc2 Ne4 32. Bb4 f5 33. Kd1 Kf7 34. Ke2 Ke6 35. Ke3 Kd5 36. Bf8 g6 37. Bg7 Nd6 38. Bc3 Nb5 39. Bb4 Nd4 40. Bf8 h5 41. Be7 f4+ 42. Kxf4 c3 43. Bb4 c2 44. Bd2 Nb3 45. Be3 Ke6 46. Ke4 c1Q 47. Bxc1 Nxc1 48. Kd4 Na2 49. Kc4 Kf5 50. Kb5 Nc3+ 51. Kb4 Nb1 52. Kxa4 Ke4 53. Kb4 Nxa3 54. Kxa3 Ke3 0-1

[Event "Capablanca Memorial op 53rd"]
[Site "Havana"]
[Date "2018.05.15"]
[Round "6"]
[White "Alfonso Ruisanchez, Laritza"]
[Black "Rosabal Contreras, Yonisbel"]
[Result "1-0"]
[WhiteElo "1821"]
[BlackElo "2290"]
[PlyCount "77"]
[EventDate "2018.05.09"]
[EventType "swiss"]
[EventRounds "10"]
[EventCountry "CUB"]
[SourceTitle "EXT 2021"]
[Source "ChessBase"]
[SourceDate "2020.10.23"]
[SourceVersion "1"]
[SourceVersionDate "2020.10.23"]
[SourceQuality "1"]

1. e4 c6 2. d4 d5 3. e5 g6 4. Nf3 Bg4 5. h3 Bxf3 6. Qxf3 e6 7. Bd3 c5 8. dxc5 Nc6 9. Bb5 Bg7 10. Qe2 Nge7 11. Bg5 0-0 12. Bxc6 bxc6 13. 0-0 Rb8 14. c3 h6 15. Bxe7 Qxe7 16. b4 f6 17. exf6 Qxf6 18. a3 Rbe8 19. Ra2 e5 20. Nd2 e4 21. Rc2 Qh4 22. a4 Re5 23. Qg4 Qf6 24. b5 Rf5 25. Nb3 h5 26. Qe2 Rg5 27. Nd4 cxb5 28. axb5 Qe7 29. c6 Bxd4 30. cxd4 Rxg2+ 31. Kxg2 Qg5+ 32. Kh2 Rf3 33. Rg1 Qf4+ 34. Kg2 Qf5 35. Kf1 e3 36. c7 Qxh3+ 37. Ke1 exf2+ 38. Qxf2 Re3+ 39. Kd1 1-0

[Event "Capablanca Memorial op 53rd"]
[Site "Havana"]
[Date "2018.05.09"]
[Round "1"]
[White "Rosabal Contreras, Yonisbel"]
[Black "Hernandez Gonzalez, William"]
[Result "0-1"]
[WhiteElo "2290"]
[BlackElo "2414"]
[PlyCount "63"]
[EventDate "2018.05.09"]
[EventType "swiss"]
[EventRounds "10"]
[EventCountry "CUB"]
[SourceTitle "EXT 2019"]
[Source "ChessBase"]
[SourceDate "2018.10.10"]
[SourceVersion "1"]
[SourceVersionDate "2018.10.10"]
[SourceQuality "1"]

1. e4 c5 2. Nc3 Nc6 3. f4 e6 4. Nf3 a6 5. g3 g6 6. Bg2 Bg7 7. 0-0 Nge7 8. e5 d5 9. exd6 Qxd6 10. Ne4 Qd8 11. c3 b6 12. Ne5 Qc7 13. d4 cxd4 14. Nxf7 Kxf7 15. f5 gxf5 16. Bf4 Qd8 17. Qh5+ Kg8 18. Ng5 Qf8 19. Bd6 h6 20. Nh3 Bd7 21. Rae1 Qf7 22. Qd1 Nd5 23. Bxd5 exd5 24. Nf4 Kh7 25. Qf3 Rhe8 26. Nxd5 Rxe1 27. Rxe1 Re8 28. Rf1 Qe6 29. Bf4 Qe4 30. Nxb6 Qxf3 31. Rxf3 Be6 32. c4 0-1

[Event "Capablanca Memorial op-A 48th"]
[Site "Havana"]
[Date "2013.04.30"]
[Round "9"]
[White "Rosabal Contreras, Yonisbel"]
[Black "Kristiansen, Jens"]
[Result "0-1"]
[WhiteElo "2301"]
[BlackElo "2433"]
[PlyCount "58"]
[EventDate "2013.04.21"]
[EventType "swiss"]
[EventRounds "10"]
[EventCountry "CUB"]
[SourceTitle "CBM 154 Extra"]
[Source "ChessBase"]
[SourceDate "2013.06.25"]
[SourceVersion "2"]
[SourceVersionDate "2013.06.25"]
[SourceQuality "1"]

1. e4 g6 2. f4 d5 3. e5 c5 4. Nf3 Nc6 5. c3 Bg4 6. h3 Bxf3 7. Qxf3 e6 8. Na3 f6 9. Bb5 Bg7 10. 0-0 Nh6 11. d4 cxd4 12. exf6 Qxf6 13. c4 0-0 14. cxd5 exd5 15. g4 Qd6 16. Bd3 Nf7 17. Nb5 Qc5 18. Qd1 Nb4 19. Na3 Rac8 20. Rf3 Nd6 21. Bd2 Nxd3 22. Rxd3 Nc4 23. Rc1 Qe7 24. Rc2 Qe4 25. Bc1 Ne3 26. Bxe3 dxe3 27. Rxd5 Rxc2 28. Nxc2 e2 29. Qd2 Qxc2 0-1

[Event "Jose Marti Memorial"]
[Site "Las Tunas"]
[Date "2003.02.01"]
[Round "7"]
[White "Tineo, Federico"]
[Black "Rosabal Contreras, Yonisbel"]
[Result "0-1"]
[WhiteElo "2144"]
[BlackElo "2339"]
[PlyCount "95"]
[EventDate "2003.01.25"]
[EventType "tourn"]
[EventRounds "9"]
[EventCountry "CUB"]
[EventCategory "1"]
[SourceTitle "CBM 092 Extra"]
[Source "ChessBase"]
[SourceDate "2003.03.07"]
[SourceVersion "1"]
[SourceVersionDate "2003.03.07"]
[SourceQuality "1"]

1. e4 c5 2. Nf3 Nc6 3. Nc3 d6 4. d4 cxd4 5. Nxd4 Nf6 6. Be2 e5 7. Nb3 Be7 8. g4 Be6 9. g5 Nd7 10. Rg1 0-0 11. h4 a5 12. Be3 a4 13. Nd2 a3 14. b3 Qa5 15. Ndb1 Nc5 16. Bd2 Qd8 17. Be3 Nb4 18. Nd5 Bxd5 19. exd5 f5 20. Bxc5 dxc5 21. c3 Na6 22. Nxa3 Nc7 23. Nb5 Nxb5 24. Bxb5 Bd6 25. a4 e4 26. Qe2 Bf4 27. Rd1 Qd6 28. Qc4 Kh8 29. h5 Rac8 30. Kf1 Rc7 31. a5 Ra8 32. Ra1 Qe7 33. a6 Bd6 34. Ra4 Rf8 35. axb7 Rxb7 36. Ra6 Ra7 37. Bc6 Rxa6 38. Qxa6 e3 39. Qc4 Qe5 40. Qd3 exf2 41. Kxf2 Qf4+ 42. Qf3 Qd2+ 43. Kf1 Rf7 44. Rg2 Qc1+ 45. Ke2 Re7+ 46. Kd3 Qb1+ 47. Rc2 f4 48. Qg4 0-1

[Event "CUB-ch U20 sf"]
[Site "Cuba"]
[Date "2000.??.??"]
[Round "6"]
[White "Rosabal Contreras, Yonisbel"]
[Black "Badalo Gonzalez, Roberto"]
[Result "1-0"]
[WhiteElo "2294"]
[BlackElo "2149"]
[PlyCount "57"]
[EventDate "2000.??.??"]
[EventType "swiss"]
[EventRounds "9"]
[EventCountry "CUB"]
[SourceTitle "EXT 2003"]
[Source "ChessBase"]
[SourceDate "2002.11.25"]
[SourceVersion "1"]
[SourceVersionDate "2002.11.25"]
[SourceQuality "1"]

1. e4 c5 2. Nf3 Nc6 3. d3 d6 4. g3 Bg4 5. Bg2 e6 6. Nbd2 Nf6 7. 0-0 Be7 8. h3 Bh5 9. a4 0-0 10. Re1 Qc7 11. Nc4 Bxf3 12. Bxf3 Nd7 13. Bg2 a6 14. f4 b5 15. Ne3 Nb6 16. a5 Nd7 17. Bd2 Rab8 18. Nd5 Qd8 19. Nxe7+ Qxe7 20. e5 d5 21. c4 bxc4 22. dxc4 Rxb2 23. cxd5 exd5 24. Bxd5 Ndb8 25. Bc3 Rb7 26. f5 Rd8 27. Qf3 Rc7 28. f6 Qd7 29. e6 1-0

[Event "CUB-ch U20 sf"]
[Site "Cuba"]
[Date "2000.??.??"]
[Round "9"]
[White "Rosabal Contreras, Yonisbel"]
[Black "Delgado Ramos, Hector"]
[Result "1-0"]
[WhiteElo "2294"]
[BlackElo "2029"]
[PlyCount "61"]
[EventDate "2000.??.??"]
[EventType "swiss"]
[EventRounds "9"]
[EventCountry "CUB"]
[SourceTitle "EXT 2003"]
[Source "ChessBase"]
[SourceDate "2002.11.25"]
[SourceVersion "1"]
[SourceVersionDate "2002.11.25"]
[SourceQuality "1"]

1. e4 e5 2. Nf3 Nc6 3. Bb5 Nge7 4. Nc3 g6 5. d4 exd4 6. Nd5 Bg7 7. Bg5 h6 8. Bf6 Bxf6 9. Nxf6+ Kf8 10. 0-0 Kg7 11. Nd5 Nxd5 12. exd5 Ne7 13. Qxd4+ Kh7 14. Rfe1 Nf5 15. Qf4 d6 16. g4 Ng7 17. Re3 f5 18. g5 Nh5 19. Qh4 Bd7 20. Bxd7 Qxd7 21. gxh6 Rae8 22. Re6 Rhg8 23. Rae1 Rxe6 24. dxe6 Qc6 25. Ng5+ Kxh6 26. e7 Qxc2 27. Ne6 Qd2 28. f4 c5 29. Qg5+ Kh7 30. Nf8+ Rxf8 31. exf8N+ 1-0

[Event "Granma"]
[Site "Granma"]
[Date "1999.??.??"]
[Round "?"]
[White "Rosabal Contreras, Yonisbel"]
[Black "Hernandez, Roberto"]
[Result "1-0"]
[WhiteElo "2268"]
[BlackElo "2240"]
[PlyCount "93"]
[EventDate "1999.??.??"]
[EventType "tourn"]
[EventRounds "8"]
[EventCountry "CUB"]
[SourceTitle "EXT 2003"]
[Source "ChessBase"]
[SourceDate "2002.11.25"]
[SourceVersion "1"]
[SourceVersionDate "2002.11.25"]
[SourceQuality "1"]

1. e4 c5 2. Nc3 d6 3. f4 Nc6 4. Nf3 g6 5. Bc4 Bg7 6. 0-0 e6 7. f5 exf5 8. d3 Nge7 9. Qe1 h6 10. Kh1 Ne5 11. exf5 Nxc4 12. f6 Bxf6 13. dxc4 Bg7 14. Bf4 g5 15. Bg3 0-0 16. Rd1 Nf5 17. Nb5 Re8 18. Qf2 Bf8 19. Rd2 Be6 20. b3 Qb6 21. Rfd1 Rad8 22. h3 a6 23. Nc3 Qc6 24. Ne5 Qc8 25. Ng4 Bg7 26. Nd5 Bxd5 27. Rxd5 Nxg3+ 28. Qxg3 f5 29. Nf2 f4 30. Qg4 Qxg4 31. Nxg4 h5 32. Nf2 Re5 33. Rxe5 Bxe5 34. Ne4 b6 35. Nxg5 Rd7 36. Nf3 Re7 37. Nxe5 dxe5 38. Rd6 e4 39. Kg1 e3 40. Kf1 b5 41. cxb5 axb5 42. Rd5 Ra7 43. Rxh5 Rxa2 44. Rxc5 Ra1+ 45. Ke2 Rc1 46. g3 fxg3 47. Kxe3 1-0